| 000 | 00431nam a2200169 a 4500 | ||
|---|---|---|---|
| 005 | 20140310183147.0 | ||
| 008 | 020826s19uu xx 00 eng d | ||
| 020 | _a0373761376 | ||
| 050 |
_aPZ 7 _b.Sm635 1998 |
||
| 100 | _aSmall, Lass | ||
| 245 |
_aTaken by a Texan / _cLass Small. |
||
| 260 |
_aAustralia ; _bSilhoutte Books, _c1998. |
||
| 300 |
_a184 p. : _c17 cm. |
||
| 650 | _aFiction | ||
| 942 |
_cBK _2lcc |
||
| 999 |
_c19569 _d19569 |
||